000 00922nam a22002295i 4500
001 159012
003 ES-MaACL
005 20230906211420.0
008 950111s1889 sp |||| | spa d
040 _aPAB
_bspa
100 _aMartínez Salazar, Andrés,
_dn. 1846
_9188184
245 1 3 _aEl cerco de La Coruña en 1589 y Mayor Fernández Pita
_b: apuntes y documentos /
_cA. Martínez Salazar.
260 _aLa Coruña :
_bAndrés Martínez,
_c1889 (
_fTipografía de la Sra. Viuda de Ferrer e hijo)
300 _a240 p., [3] h. pleg. ;
_c19 cm.
490 1 _aBiblioteca gallega ;
_v20
597 _aLas h. pleg. reproducen copias y extractos de documentos relativos a Mayor Pita.
600 1 4 _aPita, María-
_vBiografías.
_9131188
651 4 _aGalicia-
_xHistoria-
_yS. XVI.
_9188185
830 0 _aBiblioteca gallega ;
_v20
_9180864
852 _aES-MaACL
_jG-9218
_z-- Enc. pasta
999 _c159012
_d159012